[Event "ACP-Knockout-2020-Open R3"]
[Site "Emanuel Lasker Arena"]
[Date "2020.07.26"]
[Round "1.1"]
[White "Evgeny_Romanov"]
[Black "Nikita Vitiugov"]
[Result "0-1"]
[WhiteElo "2397"]
[BlackElo "1730"]
[Annotator "TA"]
[PlyCount "126"]
[EventDate "2020.07.26"]
[EventType "match (blitz)"]

{[%evp 17,126,40,37,0,5,0,12,8,21,0,0,0,0,0,45,45,38,38,45,38,45,45,45,45,62,58,77,73,75,43,64,50,50,58,75,51,45,44,52,41,51,53,77,52,70,29,78,78,70,75,81,81,95,91,91,89,99,78,78,57,57,57,53,29,29,29,45,0,0,0,26,6,39,32,39,42,21,-47,0,-146,-25,-169,-175,-350,-345,-343,-350,-349,-319,-440,-433,-433,-334,-1533,-1460,-2154,-2164,-2245,-1653,-5422,-9063,-5089,-2381,-29967,-29967,-29985,-8,-29974,-29974,-6831,-5443]} 1. c4 Nf6 2. Nc3 g6 3. e4 d6 4. d4 Bg7 5. Bd3 O-O 6. Nge2 Nc6 7. O-O Nd7 8. Be3 e5 9. d5 Nd4 10. Bc2 {E70: King's Indian: Miscellaneous lines with 4 e4, including 5 Nge2 and 5 Bd3 0-0 6 Nge2.} Nxc2 11. Qxc2 a5 {[#]} 12. Nb5 $146 {The position is equal.} ({Predecessor:} 12. a3 b6 13. b4 f5 14. exf5 gxf5 15. f3 Ba6 16. b5 Bc8 17. f4 Nc5 18. Rad1 Bd7 19. Ng3 Qh4 20. Nce2 Rae8 21. fxe5 Bxe5 22. Bf4 Bg7 23. Nd4 {½-½ (23) Moiseenko,A (2643)-Smirin,I (2616) Maalot-Tarshiha 2008}) 12... b6 13. Rad1 Nc5 14. b3 f5 15. exf5 Bxf5 16. Qd2 Rf7 17. Ng3 Bd7 18. Nc3 Bf5 19. f3 Qd7 20. Nge4 Bxe4 21. fxe4 Raf8 22. Rxf7 Rxf7 23. h3 (23. Bxc5 $5 bxc5 24. h3 $14) 23... Qe7 24. Rf1 Rxf1+ 25. Kxf1 Nd7 26. Qf2 Bf6 27. Nb5 Qd8 28. Qg3 Kf7 29. Ke2 h5 30. Kd1 Kg7 31. Kc2 Nb8 32. a3 Na6 33. Bd2 Nc5 34. Qe3 Kf7 35. b4 axb4 36. axb4 Nd7 37. Kb3 Be7 38. Bc1 Nf6 39. Qf3 Kg7 40. Na7 Nh7 41. Nc6 Qe8 42. Ka4 Bg5 43. Bb2 Bf6 44. Kb5 Ng5 45. Qe3 Qa8 46. h4 Nf7 47. Qa3 (47. Qh3 $11) 47... Qc8 48. g3 {[#] Black keeps a firm grip on the game.} (48. Qg3 $11 {was the only way to keep the balance.}) 48... Qg4 ({Black should try} 48... g5 $1 $17 49. Qf3 Kg6) 49. Qd3 (49. Ka6 $11) 49... g5 $19 50. Ka6 $2 (50. hxg5 Nxg5 51. Nb8) 50... gxh4 51. gxh4 Bxh4 52. Kb7 Bf6 {And now ...h4 would win.} 53. Kxc7 h4 {aiming for ...h3.} 54. c5 bxc5 55. bxc5 $2 (55. b5) 55... h3 56. cxd6 h2 57. Qf1 Qg1 58. Qf5 h1=Q 59. d7 Qh7 60. Qe6 Qxe4 61. Ba3 Qgg2 $2 (61... Qee3 {mates} 62. d8=N Bxd8+ {[%mdl 64] Overworked Piece} 63. Nxd8 Qa7+ 64. Nb7 Qxa3 65. Qc6 {[#]} Qga7 $1 {[%mdl 512]} 66. d6 Qb4 67. Kc8 Qa8+ 68. Kd7 Qaxb7+ 69. Qc7 Qxd6+ {[%mdl 64] Double Attack} 70. Ke8 Qe6+ 71. Qe7 Qexe7#) 62. Qe8 $2 {[%mdl 8192]} (62. Bf8+ $11 Kg8 63. Qxf6) 62... Qxd5 63. Qf8+ Kh7 {Accuracy: White = 56%, Black = 82%.} 0-1

[Event "ACP-Knockout-2020-Open R3"]
[Site "Emanuel Lasker Arena"]
[Date "2020.07.26"]
[Round "1.1"]
[White "KovalenkoIgorGM"]
[Black "VerdeNotte"]
[Result "1/2-1/2"]
[WhiteElo "1951"]
[BlackElo "2742"]
[Annotator "TA"]
[PlyCount "106"]
[EventDate "2020.07.26"]
[EventType "match (blitz)"]

{[%evp 17,106,7,25,21,22,1,18,-12,7,8,9,0,17,17,17,23,62,58,65,70,55,27,0,0,181,188,208,163,193,31,85,63,76,74,56,39,41,47,57,45,39,42,45,45,43,13,21,21,19,14,22,0,15,0,0,0,0,0,0,0,0,0,0,-14,0,0,0,0,0,0,0,0,0,0,0,0,0,-2,0,0,389,0,0,0,0,0,0,0,0,0,0]} 1. Nf3 Nf6 2. b3 d6 3. c4 g6 4. Bb2 Bg7 5. g3 c5 6. Bg2 e5 7. O-O O-O 8. Nc3 Nc6 9. d3 h6 10. e3 {A38: Symmetrical English vs ...g6: 4 Bg2 Bg7 5 Nf3 Nf6.} Bf5 11. h3 Re8 {[#]} 12. Kh2 $146 ({Predecessor:} 12. e4 Bd7 13. Kh2 a6 14. Ng1 Nd4 15. Nce2 Rf8 16. Nxd4 cxd4 17. f4 Nh5 18. f5 {1-0 (43) Werchan,H (2152)-Achenbach,M (2150) Dresden 2004}) 12... a6 13. Qd2 Rb8 14. Ng1 Be6 15. Nd5 Ne7 {[%cal Rf6d5]} 16. e4 Nexd5 17. cxd5 Bd7 18. f4 Nh5 19. Bf3 exf4 20. Bxh5 {Hoping for Bxg7.} Qg5 $2 (20... fxg3+ $1 $11 21. Kxg3 gxh5) 21. Rxf4 $18 {aiming for Bxg7.} ({But not} 21. gxf4 $6 Qxh5 22. Bxg7 Kxg7 $14) 21... Qxh5 22. Bf6 g5 {[#]} 23. Rff1 $2 (23. Rf2 $1 $18) 23... Bxh3 (23... Qg6 $14 24. Bxg7 Qxg7) 24. Nxh3 $16 g4 {[%mdl 64] Pin} 25. Qg2 b5 26. Rf5 Qxh3+ 27. Qxh3 gxh3 28. Rc1 Rb7 29. Rf4 {Threatens to win with Rg4.} Kf8 30. Kxh3 Rd7 31. Kh4 Bxf6+ 32. Rxf6 $11 {[%mdl 4096] Endgame KRR-KRR} Kg7 33. Rf5 Kg6 34. g4 a5 35. Rcf1 c4 36. dxc4 bxc4 37. bxc4 Rxe4 38. Rf6+ Kg7 39. R6f4 Rde7 40. Kg3 Rxf4 41. Rxf4 {KR-KR} Re2 42. a4 Rc2 43. Re4 Kf6 44. Kf4 Rc3 45. Rd4 Rb3 46. Ke4 Rb4 47. Kd3 Kg5 48. Re4 Rxa4 $2 {[%mdl 8192] [#]} (48... Rb3+ $11 {and Black is okay.} 49. Kd4 Rb1) 49. Re7 $2 (49. c5 $1 $18 {[%mdl 512]} Ra3+ (49... dxc5 50. Rxa4) 50. Kc2 dxc5 51. d6 Ra2+ 52. Kc3) 49... Kf6 {The position is equal.} 50. Rd7 {Strongly threatening Kd4.} Ke5 51. Re7+ Kf6 52. Rd7 {Black must now prevent Kd4.} Ke5 53. Re7+ Kf6 {Accuracy: White = 81%, Black = 89%.} 1/2-1/2

[Event "ACP-Knockout-2020-Open R3"]
[Site "Emanuel Lasker Arena"]
[Date "2020.07.26"]
[Round "1.2"]
[White "VerdeNotte"]
[Black "KovalenkoIgorGM"]
[Result "1-0"]
[WhiteElo "2726"]
[BlackElo "2021"]
[Annotator "TA"]
[PlyCount "103"]
[EventDate "2020.07.26"]
[EventType "match (blitz)"]

{[%evp 9,103,37,43,38,41,53,58,47,52,63,57,58,89,79,91,108,80,86,120,122,129,129,106,79,150,158,163,145,127,133,118,71,136,144,231,96,116,100,120,0,0,0,4,7,56,52,60,47,59,79,58,23,23,37,53,52,56,51,66,0,0,-107,0,0,0,-112,-112,-106,0,0,0,-117,-115,-105,0,0,0,0,0,0,42,8,46,0,0,0,0,0,3,0,0,0,43,0,29987,29988]} 1. e4 c5 2. Nf3 e6 3. Nc3 Nc6 4. Bb5 Na5 5. d4 cxd4 6. Qxd4 {B30: Sicilian: 2...Nc6 3 Bb5, lines without ...g6.} a6 7. Be2 b5 8. O-O {[#] White is slightly better.} Ne7 $146 ({Predecessor:} 8... Nc6 9. Qd3 d6 10. a3 h6 11. Rd1 Bb7 12. Bf4 e5 13. Be3 Nf6 14. Nh4 g6 {½-½ (68) Massiani,X (1781)-Claverie,C (2304) Europe Chess INT 2020}) 9. Bf4 Ng6 10. Bg3 Nc6 11. Qe3 Be7 12. a4 $36 {[%mdl 2048] White is in control.} b4 13. Nd5 $1 {[%cal Rd5c7]} O-O 14. Bc7 Qe8 15. Nxe7+ Qxe7 16. Rfd1 Re8 ({Black should try} 16... d5) 17. Bd6 $16 Qd8 18. Nd4 Nxd4 19. Rxd4 a5 20. Rad1 Bb7 (20... Ba6 $142) 21. Bb5 $1 Rc8 {[#]} (21... e5 $16 22. R4d2 Qc8) 22. R4d2 (22. Bxb4 $1 $18 {[%mdl 512]} axb4 23. Rxd7 {[%mdl 64] Double Attack}) 22... Bc6 23. f3 Qf6 24. Bxc6 (24. b3 $16) 24... Rxc6 $11 25. Qa7 Qxb2 26. Qxa5 Rxc2 27. Qxb4 Qa2 28. a5 h5 29. Rxc2 Qxc2 30. Qb1 (30. Qd2 $5 {[%cal Rd2c2]} Qa4 31. Bb4 $14) 30... Qa4 31. Qa1 Qc6 32. Qd4 Ra8 33. Ra1 Ra6 34. Bg3 (34. h3 $14) 34... h4 $1 {[%cal Rh4g3]} 35. Bf2 (35. Be1 $11) 35... h3 (35... Rxa5 $1 $17 {Threatens to win with ...Nf4.} 36. Be3 Rxa1+ 37. Qxa1 h3 $1 {[%mdl 512]}) 36. Qc5 ({But not} 36. gxh3 Rxa5 37. Bg3 (37. Rxa5 $2 {is the wrong capture.} Qc1+ 38. Kg2 Nf4+ 39. Kg3 Ne2+ {[%mdl 64] Double Attack} 40. Kg2 Nxd4 $19) 37... Rxa1+ 38. Qxa1 d5 $15) 36... Qb7 37. Rc1 (37. gxh3 $11 {keeps the balance.} Nf4 38. Qe7 Nxh3+ 39. Kg2 Nf4+ 40. Kh1) 37... Rc6 $17 38. Qe3 {[#]} Ra6 (38... Rxc1+ $1 $17 39. Qxc1 Nf4) 39. Qc5 (39. Qd2 $11) 39... Rc6 40. Qe3 $1 {[#]} Rxc1+ $1 41. Qxc1 hxg2 ({Better is} 41... Nf4 $1 $17 {[%cal Rf4e2] aiming for ...Ne2+.} 42. Qe1 Qb3) 42. Kxg2 $11 e5 43. Be3 Qa6 44. Qd2 d6 45. Kg3 Kh7 46. Bb6 Nf4 {White must now prevent ...Qf1.} 47. Be3 Ne6 48. Kf2 Qb5 49. Bb6 Nf4 50. Be3 Ng6 51. Bb6 Qb4 $2 {[%mdl 8192]} (51... Nf4 $11) 52. Qxb4 {Accuracy: White = 67%, Black = 64%.} 1-0

[Event "ACP-Knockout-2020-Open R3"]
[Site "Emanuel Lasker Arena"]
[Date "2020.07.26"]
[Round "1.2"]
[White "Nikita Vitiugov"]
[Black "Evgeny_Romanov"]
[Result "1/2-1/2"]
[WhiteElo "1877"]
[BlackElo "2290"]
[Annotator "TA"]
[PlyCount "84"]
[EventDate "2020.07.26"]
[EventType "match (blitz)"]

{[%evp 10,84,25,0,0,0,5,7,11,32,0,13,45,-20,-25,-28,-32,-30,-35,-69,-47,-36,-24,-60,-63,-50,-21,-33,-41,-45,-22,-22,-2,-44,0,0,0,0,0,-1,0,-9,0,0,0,0,0,-22,-18,-16,-4,-10,0,0,0,0,0,0,0,0,0,0,0,0,5,5,5,6,5,0,8,8,8,0,0,0,0]} 1. Nf3 Nf6 2. g3 d5 3. Bg2 c6 4. O-O Bg4 5. h3 Bxf3 6. Bxf3 e5 {A07: Réti Opening: New York and Capablanca Systems.} 7. d3 Nbd7 8. e4 Bd6 9. exd5 Nxd5 {[#]} 10. d4 $146 ({Predecessor:} 10. Nd2 O-O 11. Nc4 Bc7 12. a4 f5 13. Bd2 a5 14. Qe1 Re8 15. Ne3 Nxe3 16. Qxe3 {½-½ (100) Ekeberg,C (2261)-Romanov,E (2626) Norway 2018}) 10... O-O 11. c4 (11. dxe5 $14 Bxe5 12. Bxd5 cxd5 13. Qxd5) 11... Nc7 $11 12. Bg2 exd4 13. Qxd4 Be5 14. Qe4 Re8 {[#] Threatens to win with ...Bxb2!} 15. Qc2 Nc5 16. Rd1 Qf6 17. Nc3 Bd4 18. Rb1 a5 19. Rf1 Rad8 20. Ne2 N7e6 21. b3 Be5 22. Be3 {The position is equal.} Nd4 23. Nxd4 Bxd4 24. Bxd4 Rxd4 25. Rbd1 Red8 26. a3 g6 27. b4 axb4 {Strongly threatening ...Rxd1.} 28. axb4 Nd3 29. b5 cxb5 30. cxb5 Qb6 31. Qe2 R4d6 32. Kh2 h5 33. Be4 {[%cal Re4d3]} Nc5 $1 {[%cal Rc5e4]} ({Don't go for} 33... Qxb5 $2 34. Rxd3 Rxd3 {[#]} 35. Rd1 $1 $18 {[%mdl 512]}) 34. Rxd6 Rxd6 35. Bf3 Re6 36. Qc4 Rf6 37. Kg2 Ne6 38. Qc8+ Kg7 $1 39. Qxb7 Nd4 40. Qxb6 Rxb6 41. Bc6 Nxc6 42. bxc6 Rxc6 {Accuracy: White = 90%, Black = 90%.} 1/2-1/2

[Event "ACP-Knockout-2020-Open R3"]
[Site "Emanuel Lasker Arena"]
[Date "2020.07.26"]
[Round "1.3"]
[White "Evgeny_Romanov"]
[Black "Nikita Vitiugov"]
[Result "1/2-1/2"]
[WhiteElo "2248"]
[BlackElo "1936"]
[Annotator "TA"]
[PlyCount "145"]
[EventDate "2020.07.26"]
[EventType "match (blitz)"]

{[%evp 10,145,0,-4,-4,-2,-7,-8,0,-15,-18,-26,-24,-18,-15,-28,1,1,-7,-11,-14,-14,0,0,0,0,0,0,0,2,81,80,88,82,101,68,94,72,152,137,258,130,155,161,153,133,101,120,210,162,176,125,268,264,267,266,250,83,83,76,87,64,64,64,122,102,129,129,129,147,138,97,97,97,97,97,105,97,97,97,106,97,97,97,106,89,89,89,216,106,106,106,106,106,106,106,106,106,106,97,106,17,17,0,105,0,0,0,0,0,0,0,0,0,430,0,0,0,0,0,0,0,0,0,0,0,8,0,250,0,27,0,0,0,0,0,0,0]} 1. c4 b6 2. Nc3 Bb7 3. e4 Nf6 4. e5 Ne4 5. Nf3 e6 6. d4 Nxc3 {A17: English Opening: 1...Nf6 with ...Bb4.} 7. bxc3 d6 8. Bd3 Nd7 9. Bf4 {[#]} dxe5 $146 ({Predecessor:} 9... Be7 10. h4 dxe5 11. Nxe5 Nxe5 12. Bxe5 Bf6 13. Qe2 O-O 14. h5 Bxe5 15. Qxe5 Qd6 {½-½ (78) Gukesh,D (2563)-Medvegy,Z (2524) Europe Echecs INT 2020}) 10. Nxe5 Nxe5 11. Bxe5 Bd6 (11... Bxg2 $5 12. Rg1 $8 Bc6 $11) 12. Qh5 (12. Bxg7 Rg8 $17) 12... Bxe5 (12... g6 $5 {[%cal Rg6h5]} 13. Qe2 O-O $11) 13. Qxe5 O-O 14. O-O Qd6 15. Qe3 Rfd8 16. a4 g6 17. Rfd1 a5 18. h4 Qe7 19. Qf4 h5 (19... Rd7 $11 {remains equal.}) 20. Re1 $1 $16 Rd7 21. Re5 Kg7 22. c5 Bc6 23. Rae1 {Hoping for Bxg6!} Qf6 (23... Re8 $142) 24. Qg3 bxc5 {[#]} (24... Kf8 $16) 25. Rxc5 (25. Bxg6 $1 $18 {[%mdl 512] Be4+ is the strong threat.} Kf8 (25... Qxg6 26. Rg5) 26. Rxc5) 25... Bd5 26. Bb5 $36 {[%mdl 2048] White is really pushing.} c6 27. Bxc6 Bxc6 28. Rxc6 Raa7 (28... Rd5 $16 29. Rb1 Rad8) 29. Rc5 Rd5 30. Re5 $1 Rxc5 (30... Qxe5 $16 31. Qxe5+ (31. dxe5 Rxc5 32. Qf4 Rxc3 $17) 31... Rxe5 32. dxe5 (32. Rxe5 Rc7 $14) 32... Kf8) 31. Rxc5 {[%mdl 4096] Endgame KQR-KQR} ({Less strong is} 31. dxc5 Qd8 $14) 31... Kh7 32. Qg5 Kg7 33. Rxa5 $2 (33. Qxf6+ $18 {is more deadly.} Kxf6 34. Kf1) 33... Qxg5 34. Rxg5 Rxa4 $18 {KR-KR} 35. Rc5 Ra2 36. g3 Kf6 ({Black should try} 36... Rd2 $14) 37. Rc7 Rc2 38. Kg2 g5 39. hxg5+ Kxg5 40. Rxf7 {Threatens to win with Rc7.} Rxc3 41. Rf4 Rd3 42. Kf1 Rd2 43. Ke1 Ra2 44. Re4 Kf6 45. Kf1 Rd2 46. Kg2 Kf5 47. Rf4+ Kg5 48. Kf3 Rd3+ (48... Rd1 $16) 49. Ke2 (49. Ke4 $1 $18 {[%cal Re4d3]} Rd2 50. Ke5) 49... Ra3 $16 50. Re4 Kf6 51. Re5 Ra4 52. Ke3 Ra3+ 53. Kf4 Ra2 54. f3 ({Much weaker is} 54. Rxh5 Rxf2+ 55. Ke4 Re2+ 56. Kf3 Rd2 $14) 54... Rd2 55. Ke3 ({White should play} 55. Rxh5 $16 Rxd4+ 56. Ke3) 55... Rg2 $11 56. Kf4 (56. Rxh5 $11 Rxg3 57. Rh6+ Ke7 58. Rh7+ Kd6 59. Rh2) 56... Rd2 $16 57. Re4 (57. Rxh5 $16 Rxd4+ 58. Ke3) 57... Rd3 $11 58. g4 hxg4 $1 59. fxg4 Rd1 60. g5+ Kf7 61. Ke5 {aiming for Kd6.} Ra1 $2 {[%mdl 8192] [#]} (61... Ke7 $1 $11) 62. Rf4+ $2 (62. g6+ $1 $18 Ke7 63. Rg4 Ra5+ 64. Kf4) 62... Ke7 $1 63. Rg4 Re1+ 64. Kf4 Rd1 65. Kg3 {And now Rf4 would win.} Kf7 66. Re4 Rg1+ 67. Kf4 Rf1+ 68. Ke5 $2 (68. Kg4 $11 Rh1 69. Kf4) 68... Ra1 $18 {[#]} 69. Rf4+ $2 (69. g6+ $1 $18 Kxg6 70. Kxe6 Ra6+ 71. Kd5) 69... Ke7 $1 $11 70. Rf2 (70. Rh4 $5 {[%cal Rh4h7]} Ra5+ 71. Kf4 $14) 70... Ra5+ {The position is equal.} 71. Kf4 {Black must now prevent Kg4.} Rf5+ 72. Ke3 {Threatening mate with Rxf5.} Rxg5 73. Ke4 {Accuracy: White = 78%, Black = 73%.} 1/2-1/2

[Event "ACP-Knockout-2020-Open R3"]
[Site "Emanuel Lasker Arena"]
[Date "2020.07.26"]
[Round "1.3"]
[White "KovalenkoIgorGM"]
[Black "VerdeNotte"]
[Result "1-0"]
[WhiteElo "2019"]
[BlackElo "2726"]
[Annotator "TA"]
[PlyCount "101"]
[EventDate "2020.07.26"]
[EventType "match (blitz)"]

{[%evp 10,101,18,4,15,1,15,5,7,-6,23,8,18,10,15,16,39,24,53,-5,23,0,0,1,39,32,49,47,47,33,35,10,58,39,81,25,105,105,98,89,112,73,90,90,215,208,211,218,200,218,195,172,173,146,181,173,195,195,195,195,234,243,354,354,350,350,327,297,477,463,486,439,478,514,499,487,667,645,905,897,1149,1333,1105,1082,2024,1802,29982,29982,29981,29982,29982,29983,29990,29991]} 1. Nf3 Nf6 2. c4 c5 3. g3 Nc6 4. Bg2 d5 5. cxd5 Nxd5 6. Nc3 Nxc3 {A34: Symmetrical English: 2 Nc3, lines with ...d5.} 7. dxc3 Qxd1+ 8. Kxd1 e5 {The position is equal.} 9. Be3 Bf5 10. Kc1 Be7 11. Rd1 Rc8 {[#]} 12. b3 $146 {[%cal Bb2b3,Bb3b4][%mdl 32]} ({Predecessor:} 12. Ng5 Bxg5 13. Bxg5 f6 14. Be3 b6 15. Kd2 Ke7 16. Ke1 Rhd8 17. Bxc6 {½-½ (17) Buenafe Moya,J (2231)-Sion Castro,M (2420) Barcelona 2000}) 12... O-O 13. Kb2 b5 14. Nh4 ({Better is} 14. Rac1 $14) 14... Bg4 15. h3 Be6 $1 16. Rac1 c4 17. b4 f5 18. Bd5 $36 {[%mdl 2048] White fights for an advantage.} Bxd5 19. Rxd5 f4 20. Bc5 fxg3 (20... Rcd8 $5 {[%cal Rd8d5]} 21. Bxe7 Rxd5 22. Bxf8 Kxf8 $11) 21. fxg3 {Strongly threatening Bxe7.} Rfd8 22. e4 (22. Rcd1 $16) 22... Bxc5 (22... g6 $11 {remains equal.}) 23. Rxc5 $16 a6 24. Nf5 {And now Rxc6! would win.} Rd7 25. Rc2 g6 26. Ne3 Rdd8 {This move loses the game for Black.} (26... Kg7 $16 {was called for.}) 27. Nd5 $18 Kg7 {[#]} 28. Nb6 $1 {[%cal Rb6c8]} Rc7 29. a4 Rb8 30. a5 ({Less strong is} 30. axb5 Rxb6 31. bxc6 Rcxc6 $14) 30... Rd8 31. h4 Rd6 32. Rf2 Rf7 33. Rxf7+ Kxf7 {[%mdl 4096] Endgame KRN-KRN} 34. Nd5 h5 35. Kc2 Kf8 (35... Nb8 $142 36. Rc8 Nd7) 36. Nc7 Ne7 37. Rxe5 Kf7 38. Rc5 Rf6 $2 (38... Kf8 {was worth a try.} 39. e5 Rd3 40. Nxa6 Nd5 41. Rxb5 Rxc3+ 42. Kd2 Rd3+ 43. Kc1 Rc3+ 44. Kd2 Rd3+ 45. Kc1 Rc3+ 46. Kb2 Rb3+ 47. Kc2 Ne3+ 48. Kd2 Rd3+ 49. Ke2 Nf5 50. Rb8+ Kf7 51. Rb7+ Kg8) 39. Kd2 Rf2+ 40. Ke3 Rc2 41. Kd4 Rd2+ 42. Ke5 Rd3 43. Nxa6 Rxc3 44. Nc7 Rxg3 45. Nxb5 g5 46. a6 gxh4 47. a7 Rg8 48. Nd6+ {White mates.} Kg6 {[#]} 49. Nc8 $1 {[%mdl 512]} Re8 (49... Nxc8 50. a8=Q) 50. a8=Q Nf5+ {[#]} 51. Kf4 $1 {Accuracy: White = 87%, Black = 43%.} 1-0

[Event "ACP-Knockout-2020-Open R3"]
[Site "Emanuel Lasker Arena"]
[Date "2020.07.26"]
[Round "1.4"]
[White "VerdeNotte"]
[Black "KovalenkoIgorGM"]
[Result "1-0"]
[WhiteElo "2693"]
[BlackElo "2146"]
[Annotator "TA"]
[PlyCount "95"]
[EventDate "2020.07.26"]
[EventType "match (blitz)"]

{[%evp 18,95,31,38,81,69,73,64,68,52,50,0,5,0,0,0,0,0,19,14,43,-38,224,216,220,223,207,204,265,269,266,268,263,262,344,341,339,327,340,298,351,355,346,346,408,408,452,443,519,491,561,561,574,549,593,571,581,558,573,556,681,526,667,580,575,571,535,516,657,643,589,607,29980,29981,29983,29984,29984,29984,29986,29985]} 1. e4 Nf6 2. e5 Nd5 3. d4 d6 4. c4 Nb6 5. f4 dxe5 6. fxe5 Bf5 7. Nc3 e6 8. Nf3 Nc6 9. Be3 Bb4 10. Be2 O-O {B03: Alekhine's Defence: Four Pawns Attack.} 11. O-O Bxc3 12. bxc3 Na5 {White is slightly better.} 13. Bg5 Qd7 $1 {[#]} 14. Nd2 $146 ({Predecessor:} 14. c5 Nbc4 15. Nh4 Be4 16. Bf3 Qc6 17. Qe2 Bxf3 18. Rxf3 b6 19. cxb6 axb6 20. Rg3 {1-0 (28) Pump,K (1619)-Kraus,T (1713) Braunfels 2015}) 14... h6 15. Bh4 c5 16. Nb3 $36 {[%mdl 2048] White has good play.} Nbxc4 {[#] Strongly threatening ...Nxb3.} 17. dxc5 Qxd1 18. Rfxd1 Rfc8 19. Bf3 (19. Nxa5 $14 Nxa5 20. Be7) 19... Rc7 $2 {[%mdl 8192] Black cannot hold the game after this.} (19... Nc6 $15 {stays ahead.}) 20. Rd8+ $18 Rxd8 21. Bxd8 Nxb3 22. axb3 {[%mdl 64] [#] Discovered Attack} Rxc5 23. bxc4 Rxc4 24. Rxa7 Rxc3 25. Rxb7 Bg6 26. Bb6 Rc4 27. Rc7 Ra4 28. Kf2 Ra2+ 29. Ke3 Ra3+ 30. Kd4 Ra4+ 31. Kc5 Rh4 32. h3 Rf4 33. Kd6 Rb4 34. Bc5 Rb3 35. Ke7 Rb2 36. Bd6 Rd2 37. Rc8+ Kh7 38. Kf8 Rb2 39. Bc6 h5 40. Rb8 Rc2 41. Bf3 Rc4 42. Ke7 Rf4 43. Rb4 Rf5 44. h4 Kg8 45. Be4 {White mates.} Rf2 46. Bxg6 fxg6 47. Kxe6 Rxg2 48. Kd7 {Accuracy: White = 86%, Black = 50%.} 1-0

[Event "ACP-Knockout-2020-Open R3"]
[Site "Emanuel Lasker Arena"]
[Date "2020.07.26"]
[Round "1.4"]
[White "Nikita Vitiugov"]
[Black "Evgeny_Romanov"]
[Result "1/2-1/2"]
[WhiteElo "1985"]
[BlackElo "2214"]
[Annotator "TA"]
[PlyCount "114"]
[EventDate "2020.07.26"]
[EventType "match (blitz)"]

{[%evp 9,114,5,43,36,42,33,41,4,31,35,41,20,20,18,23,11,10,8,13,0,-1,-10,22,15,21,0,-7,-58,0,-105,-108,-165,-172,-222,-161,-154,-2,-227,-233,-229,-220,-249,-241,-247,-245,-241,-243,-242,-252,-260,-193,-237,-240,-862,-854,-741,-164,-202,-90,-80,-81,-92,-91,-87,-80,-97,0,0,0,-87,-61,-80,-38,-47,-50,-80,-69,-87,-43,-50,0,-8,0,-28,0,0,0,0,0,0,0,0,8,8,8,8,8,8,11,11,11,11,45,11,179,11,12]} 1. d4 Nf6 2. c4 e6 3. Nf3 b6 4. g3 Ba6 5. Qc2 Bb4+ 6. Bd2 {E15: Queen's Indian: 4 g3 sidelines, 4 g3 Ba6 and 4 g3 Bb7 early deviations.} Bxd2+ 7. Nbxd2 c5 8. Bg2 {White is slightly better.} Bb7 9. O-O Nc6 10. dxc5 bxc5 {[#]} 11. Ne4 $146 ({Predecessor:} 11. a3 O-O 12. e4 Qc7 13. Rfe1 d6 14. Nf1 Rab8 15. Rad1 Rfd8 16. Ne3 a5 17. b3 {0-1 (49) Edvardsen,R (1954)-Bottema,M (2091) Reykjavik 2016}) 11... Nxe4 12. Qxe4 d6 13. Rfd1 Qe7 14. Qf4 Rd8 15. Rd2 O-O 16. Rad1 e5 17. Qe3 f5 18. Ne1 (18. Qg5 $1 $11 Rf6 19. Nh4) 18... e4 (18... Nd4 $15) 19. Qc3 (19. f4 $1 $11 {remains equal.}) 19... f4 $17 20. gxf4 (20. e3 $17 fxg3 21. hxg3) 20... Rxf4 $19 21. Nc2 Ne5 ({Worse is} 21... Qh4 22. Qg3 $14) 22. Ne3 Qh4 $2 ({Better is} 22... Rdf8 $17 23. Rxd6 Nd3 $1 {[%mdl 512]} 24. exd3 Qxd6) 23. Rf1 $2 {[#]} (23. Rxd6 $11 {and White stays safe.} Rxd6 24. Rxd6) 23... Nf3+ $1 {[%mdl 512]} 24. exf3 exf3 25. Rfd1 fxg2 26. Nd5 Bxd5 $1 ({Don't do} 26... Rxc4 27. Qb3 $17) 27. cxd5 Rdf8 28. Qe3 Re4 29. Qg3 Qe7 30. Kxg2 Rf6 {aiming for ...Rg6.} 31. Qh3 $2 (31. Kf1) 31... Rg6+ 32. Kf1 Reg4 $2 (32... Qg5 {[%csl Gg6][%cal Rg5g1]} 33. Qg3 Qh5) 33. f3 Rh4 (33... Qf8 $19 {and Black stays clearly on top. ...h6 is the strong threat.} 34. Ke2 Rf4) 34. Qc8+ $17 Kf7 35. Re2 Rg1+ $1 36. Kxg1 Qxe2 {[%mdl 4160] Endgame Double Attack. KQR-KQR} 37. Qf5+ Ke8 38. Qc8+ {[#]} Kf7 $1 {[%mdl 512]} 39. Qf5+ $1 {[#]} Ke7 $1 {[%mdl 512]} 40. Qg5+ Ke8 41. Qxh4 {White wants to mate with Re1!} Qxd1+ $15 {[%mdl 64] Double Attack. KQ-KQ} 42. Kf2 Qd2+ 43. Kg3 Qxb2 44. Qxh7 {Strongly threatening Qg8+.} Qe5+ 45. f4 Qf6 46. Qg8+ Kd7 47. Qa8 Qg6+ 48. Kf3 Qd3+ 49. Kg4 Qe2+ 50. Kg3 Qxa2 51. Qc6+ Ke7 52. Qc7+ Ke8 53. Qc8+ Ke7 {Hoping for ...Qb3+.} 54. Qe6+ Kf8 55. Qxd6+ {[%mdl 64] Double Attack} Kg8 56. Qe6+ Kh7 $2 {[#]} (56... Kf8 $1 $11) 57. Qf5+ $2 ({White must play} 57. Qe4+ $1 $18 Kg8 58. Qe6+ Kh7 59. Qf5+ Kg8 60. Qc8+ Kf7 61. Qe6+ (61. Qxc5 Qa6 $16) 61... Kf8 62. Qd6+ Kf7 63. Qxc5) 57... Kg8 {White happily takes the draw. Accuracy: White = 60%, Black = 63%.} 1/2-1/2